International Economics/ (Record no. 211630)
[ view plain ]
| 000 -LEADER | |
|---|---|
| fixed length control field | 00641nam a2200205 4500 |
| 005 - DATE AND TIME OF LATEST TRANSACTION | |
| control field | 20250605153921.0 |
| 010 ## - LCCN (DPL NO) | |
| LC control number | ENG-145210 |
| 020 ## - INTERNATIONAL STANDARD BOOK NUMBER | |
| International Standard Book Number | 9789389146448 |
| Terms of availability | 280.00 |
| 035 ## - SYSTEM CONTROL NUMBER | |
| System control number | EN-128742 |
| 037 ## - SOURCE OF ACQUISITION | |
| Source of stock number/acquisition | DBAD |
| 082 ## - DEWEY DECIMAL CLASSIFICATION NUMBER | |
| Classification number | 337 |
| 100 ## - MAIN ENTRY--PERSONAL NAME | |
| Personal name | Thangamayan, S. |
| 245 ## - TITLE STATEMENT | |
| Title | International Economics/ |
| Statement of responsibility, etc | S. Thangamayan [and] R. Premalatha |
| 250 ## - EDITION STATEMENT | |
| Edition statement | 1 |
| 260 ## - PUBLICATION, DISTRIBUTION, ETC. (IMPRINT) | |
| Place of publication, distribution, etc | Tamil Nadu |
| Name of publisher, distributor, etc | Shanlax Publications |
| Date of publication, distribution, etc | 2019 |
| 270 ## - ADDRESS | |
| Address | 61,66 T.P.K. Main Road Vasantha Nagar. |
| City | Tamil Nadu |
| Postal code | 625003 |
| Electronic mail address | shanlaxpublications.com |
| 300 ## - PHYSICAL DESCRIPTION | |
| Extent | 237p. |
| Dimensions | 25cm(pb) |
| 700 ## - ADDED ENTRY--PERSONAL NAME | |
| Personal name | Premalatha, R. |
| Relator term | Author |
| 9 (RLIN) | 81739 |
| 942 ## - ADDED ENTRY ELEMENTS (KOHA) | |
| Source of classification or shelving scheme | Dewey Decimal Classification |
| Item type | English Books |
| Classification part | 337 |
| Call number suffix | THA |
| Withdrawn status | Lost status | Not for loan | Collection code | Home library | Current library | Date acquired | Source of acquisition | Cost, normal purchase price | Full call number | Barcode | Copy number | Cost, replacement price | Koha item type |
|---|---|---|---|---|---|---|---|---|---|---|---|---|---|
| Non-fiction | Central Jail Tihar | Central Jail Tihar | 05/06/2025 | Delivery of Books Act Division | 280.00 | 337 THA | EN-128742 | 1 | 280.00 | English Books |
